La réponse commence par A - Statistiques

Statistiques générales
  • Ce quiz a été pris 2 177 fois
    245 depuis la dernière actualisation
  • Le résultat moyen est 12 sur 20
Statistiques - réponses
Indices Réponses % Correct
Roi ayant retiré une épée d'un rocher Arthur
98%
Célèbre mot prononcé par les magiciens Abracadabra
93%
Pays champion du monde de football masculin en 2014 Allemagne
88%
Adolescente allemande connue pour le récit de son journal intime durant la seconde guerre mondiale Anne Frank
87%
Capitale de la Turquie Ankara
84%
Groupe de musique suédois formé en 1972 ABBA
83%
Entreprise créée par Steve Jobs Apple
83%
Voleur devenu prince chez Disney Aladdin
79%
Super-héros communiquant avec les fourmis Ant-Man
79%
Cela peut être un fruit comme un métier Avocat
74%
Plus grand festival francophone de la bande dessinée Angoulême
64%
Arme de prédilection de Daryl dans The Walking Dead Arbalète
56%
Série TV décrivant les aventures d'un archer vert Arrow
50%
Animal de la famille des Camelidae vivant principalement dans la cordillère des Andes Alpaga
45%
Fils du forgeron dans La Tribu de Dana Akim
42%
Pokemon oiseau légendaire de glace Artikodin
32%
Ville dans laquelle se déroule la majeure partie des événements dans la série TV Breaking Bad Albuquerque
31%
Le nom quebecois de ce film est Folies de graduation American Pie
17%
Matière scolaire préférée de Hermione Granger Arithmancie
16%
Alter de Mina Ashido dans le manga My Hero Academia Acide
11%
Aucun quiz correspondant
Distribution des résultats
% des personnes avec chaque résultat
Percentile par nombre de réponses
Votre historique - résultats
Vous n’avez pas pris ce quiz depuis la dernière actualisation